Guide to short fiber reinforced plastics /
Guardado en:
| Autor Principal: | |
|---|---|
| Otros Autores: | , |
| Formato: | Libro |
| Idioma: | English |
| Publicado: |
Munich : Cincinnati :
Hanser ; Hanser/Gardner,
c1998.
|
| Materias: | |
| Etiquetas: |
Agregar Etiqueta
Sin Etiquetas, Sea el primero en etiquetar este registro!
|
| LEADER | 01036pam a22002775a 4500 | ||
|---|---|---|---|
| 001 | EIQ.libpla001152 | ||
| 008 | 980601s1998####gw#a#####b####001#0#eng#d | ||
| 005 | 20060810154621.0 | ||
| 245 | 1 | 0 | |a Guide to short fiber reinforced plastics / |c Roger F. Jones ; with contributions from Mitchell R. Jones and Donald V. Rosato. |
| 260 | |a Munich : |b Hanser ; |a Cincinnati : |b Hanser/Gardner, |c c1998. | ||
| 300 | |a ix, 172 p. : |b il. ; |c 23 cm. | ||
| 504 | |a Incluye referencias bibliográficas e índice. | ||
| 020 | |a 3446184791 (pbk.) | ||
| 020 | |a 1569902445 (Hanser/Gardner : pbk.) | ||
| 020 | |a 3446184791 | ||
| 100 | 1 | |a Jones, Roger F. | |
| 700 | 1 | |a Jones, Mitchell R. |4 ctb | |
| 700 | 1 | |a Rosato, Donald V. |4 ctb | |
| 082 | 0 | 0 | |a 620.1/923 |2 21 |
| 650 | 4 | |a Plástico reforzado |x Guía. | |
| 650 | 4 | |a Plásticos |x Moldeo por inyección. | |
| 650 | 4 | |a Fiber reinforced plastics |x guide. | |
| 650 | 4 | |a Plásticos |x Moulding by injection. | |
| 010 | |a 98008480 | ||
| 040 | |a DLC |c DLC |d AR-BbSID | ||
| 859 | |a AR-BbSID |b BIB. PLAPIQUI |h 620.192 3 |i J 724 |p 5054 | ||
